000 00699nam a22002297a 4500
005 20170124105922.0
010 _aA-937201
020 _c00.00
_a8176290858
035 _aA-937201
037 _bCen Lib/Ret
040 _aDPL
_bEN
082 _a382.60954
_bNAN
100 _aNanda, Paramjit
_94772
245 _aPerformans of indian exports :
_cby Paramjit Nanda
_bpolicies and prospect /
260 _aNew Delhi
_bDeep & deep publications
_c1998
270 _aF-159, rajouri garden
_bNew Delhi
_e110027
300 _axii,415p.
_c21cm(Hb)
500 _aIncludes index
650 _aEconomics
_972159
650 _aExpert policy
_94774
942 _2ddc
_cEN
_h382.60954
_mNAN
999 _c123210
_d123210